James Bolam Filmography - Statistics

General Stats
  • This quiz has been taken 3 times
  • The average score is 6 of 196
Answer Stats
Type Year Name % Correct
TV Show 1964-1966 The Likely Lads
67%
Film 1976 The Likely Lads
67%
TV Show 1973-1974 Whatever Happened to the Likely Lads?
67%
TV Show 1976-1981 When the Boat Comes In
67%
Short Film 2025 A Memory Owed
33%
TV Show 1988 Andy Capp
33%
TV Show 1972 Budgie
33%
TV Show 2009-2013 New Tricks
33%
TV Show 1979-1982 Only When I Laugh
33%
TV Show 2023 Sandition
33%
TV Mini-Series 1985 The Beiderbecke Affair
33%
Film 1962 The Loneliness of the Long Distance Runner
33%
TV Film 1997 The Missing Postman
33%
TV Show 1963 Z Cars
33%
Theater 1995-1996 Absolute Hell
0%
TV Show 1964 A Christmas Night with the Stars
0%
Documentary Series 2002 A History of Britain
0%
Film 1962 A Kind of Loving
0%
Theater 1995-1996 Alice's Adventures Underground
0%
Theater 1995-1997 A Little Night Music
0%
TV Show 2023 All Creatures Great & Small
0%
Theater 1962 A Midsummer Night's Dream
0%
TV Special 1994 An Audience with Jimmy Tarbuck
0%
Theater 1981 A Night in Old Peking
0%
TV Show 1974 Armchair Theatre
0%
TV Show 1978 Armchair Thriller
0%
Theater 1980 Arms and the Man
0%
Theater 1960 A Taste of Honey
0%
TV Show 2002 Bedtime
0%
Theater 1968 Black Comedy
0%
Theater 1996-1997 Blinded by the Sun
0%
Theater 1996-1997 Blue Remembered Hills
0%
Theater 2014 Bomber's Moon
0%
TV Show 2002-2004 Born and Bred
0%
TV Show 1969 Boy Meets Girl
0%
Theater 1995-1996 Broken Glass
0%
Theater 1973 Butley
0%
TV Show 1987 Call My Bluff
0%
TV Show 2013-2014 CBeebies Bedtime Story
0%
TV Film 2007 Celebration
0%
TV Show 2014 Celebrity Antiques Road Show
0%
Theater 1985 Cheapside
0%
Film 1983 Clash of Loyalties
0%
Film 1995 Clockwork Mice
0%
TV Mini-Series 2000 Close & True
0%
TV Show 1964 Cluff
0%
TV Show 2016 Cold Feet
0%
Film 1971 Crucible of Terror
0%
Documentary Series 2009 Crude Britannia: The Story of North Sea Oil
0%
Theater 1995-1996 Cyrano
0%
TV Show 2002 Dalziel and Pascoe
0%
Film 1962 Damn the Defiant!
0%
Theater 1960 Dark of the Moon
0%
Theater 1995-1996 Dealer's Choice
0%
Theater 1996-1997 Death of a Salesman
0%
TV Film 2000 Dirty Tricks
0%
Podcast 2000 Doctor Who: The Monthly Adventures
0%
TV Show 1961, 1962 Drama 61-67
0%
TV Film 1995 Eleven Men Against Eleven Women
0%
Theater 1996-1997 Elsinore
0%
Theater 1995 Enjoy
0%
Theater 1996-1997 Fair Ladies at a Game of Cards
0%
TV Show 1987 Father Matthew's Daughter
0%
Theater 1992 Fighting for the Dunghill
0%
Documentary Mini-Series 2004 Football Diaries
0%
Theater 1996-1997 Frogs
0%
TV Show 2015 Get Your Act Together
0%
Theater 1994 Glenberry Glen Ross
0%
TV Show 2009-2014 Grandpa in My Pocket
0%
Theater 1996-1997 Guys and Dolls
0%
Film 1967 Half a Sixpence
0%
TV Film 2002 Harold Shipman: Doctor Death
0%
TV Mini-Series 1997 Have Your Cake and Eat It
0%
TV Mini-Series 2004 He Knew He Was Right
0%
Theater 1966 How's the World Treating You?
0%
Theater 2005 How to Succeed in Business Without Really Trying
0%
Theater 1969 In Celebration
0%
Film 1975 In Celebration
0%
TV Show 1967 Inheritance
0%
TV Show 1968 Inside George Webley
0%
TV Show 1984, 1985 International Pro-Celebrity Golf
0%
TV Show 1964 It's Dark Outside
0%
TV Show 1962, 1963, 1964 ITV Play of the Week
0%
TV Show 1970 ITV Saturday Night Theatre
0%
TV Show 1962, 1963 ITV Television Playhouse
0%
Film 2000 It Was an Accident
0%
TV Show 1972 Jackanory
0%
TV Show 1972 Jackanory Playhouse
0%
Theater 1989-1990 Jeffrey Bernard Is Unwell
0%
Theater 1961, 1996-1997 John Gabriel Borkman
0%
TV Mini-Series 1960 Julius Caesar
0%
TV Pilot 2012 Just Around the Corner
0%
Theater 1995-1996 La Grande Magia
0%
Theater 1996-1997 Light Shining in Buckinghamshire
0%
TV Show 1963 Love Story
0%
TV Film 1983 Macbeth
0%
TV Show 2011 Made in Wales
0%
TV Show 2022 Marriage
0%
Theater 1996-1997 Mary Stuart
0%
TV Show 1999 Midsomer Murders
0%
Film 2005 More of Loesser
0%
Theater 1995-1997 Mother Courage and Her Children
0%
Film 1964 Murder Most Foul
0%
TV Show 1964 No Hiding Place
0%
Film 1973 O Lucky Man!
0%
Documentary Series 1968 Omnibus
0%
TV Show 1973 Oranges and Lemons
0%
Film 1969 Otley
0%
Theater 1995-1996 Out of a House Walked a Man
0%
TV Show 1998 Out of Sight
0%
TV Show 2000 Pay and Display
0%
Theater 1960 Platonov
0%
TV Show 1973 Play for Today
0%
TV Show 1962 Probation Officer
0%
TV Show 1971 Public Eye
0%
Documentary Series 1997 Q.E.D.
0%
Theater 1995-1997 Richard II
0%
TV Show 1986-1988 Room at the Bottom
0%
Theater 1995-1997 Rosencrantz and Guildenstern Are Dead
0%
Theater 1983 Run for Your Wife
0%
TV Show 1990 Screen One
0%
Film 1994 Seaview Knights
0%
TV Show 1991-1994 Second Thoughts
0%
Theater 1962-1963 Semi-Detached
0%
Commercial 1995 Seven Seas Cod Liver Oil
0%
TV Show 1983 Shades of Darkness
0%
Theater 1995-1996 Skylight
0%
Theater 1995-1997 Stanley
0%
Film 1996 Stella Does Tricks
0%
Film 1972 Straight on Till Morning
0%
TV Show 1971 Take Three Girls
0%
TV Show 1963 Taxi!
0%
TV Show 2006 The Afternoon Play
0%
Theater 1970 The Alchemist
0%
Short Film 1997 The Barber
0%
TV Show 1978, 1983 The BBC Television Shakespeare
0%
TV Mini-Series 1988 The Beiderbecke Connection
0%
TV Mini-Series 1987 The Beiderbecke Tapes
0%
Theater 1995-1996 The Blue Ball
0%
Theater 1995-1996 The Children's Hour
0%
TV Show 2022 The Cleaner
0%
Theater 1996-1997 The Cripple of Inishmaan
0%
Theater 1996-1997 The Designated Mourner
0%
Theater 1968 The Double Case History of Dr Valmy
0%
Film 1999 The End of the Affair
0%
Theater 1996-1997 The Ends of the Earth
0%
Theater 1990 The Entertainer
0%
TV Mini-Series 1964 The Four Seasons of Rosie Carr
0%
Theater 1960 The Happy Haven
0%
Theater 1996-1997 The Homecoming
0%
Film 1997 The Island on Bird Street
0%
Film 1961 The Kitchen
0%
Theater 1962 The Knack
0%
TV Film 2009 The Last Days of Lehman Brothers
0%
Theater 1995-1996 The Machine Wreckers
0%
Theater 1995-1996 The Man Who
0%
Theater 1995-1996 The Merry Wives of Windsor
0%
TV Show 1963 The Odd Man
0%
Theater 1996-1997 The Oedipus Plays
0%
TV Film 1975 The Philanthropist
0%
Film 1982 The Plague Dogs
0%
TV Documentary 2006 The Plot Against Harold Wilson
0%
Theater 1996-1997 The Prince's Play
0%
TV Show 1972 The Protectors
0%
Theater 1996-1997 The Red Balloon
0%
TV Show 1971 The Rivals of Sherlock Holmes
0%
Film 1966 The Sandwich Man
0%
Theater 1996-1997 The Seven Streams of the River Ota
0%
Documentary Series 1982 The Sixties
0%
TV Film 1998 The Stalker's Apprentice
0%
Theater 1995-1996 The Way of the World
0%
Theater 1968 The White Liars
0%
Theater 1995-1996 The Wind in the Willows
0%
TV Show 1967 Thirty-Minute Theatre
0%
Documentary Series 1993 This Is Your Life
0%
TV Show 1965 Thursday Theatre
0%
Theater 1974 Time and Time Again
0%
Film 2003 To Kill a King
0%
Theater 1964 Too True to Be Good
0%
Theater 1976 Treats
0%
Short Film 1974 Turandot
0%
Theater 1995-1996 Two Weeks with the Queen
0%
Film 2012 Unconditional Love
0%
Theater 1995-1996 Under Milk Wood
0%
Theater 1972 Veterans
0%
TV Special 2000 Victoria Wood: With All the Trimmings
0%
Theater 1995-1996 Violin Time
0%
Theater 1995-1997 Volpone
0%
Theater 1996-1997 War and Peace
0%
Theater 1995-1996 What the Butler Saw
0%
Theater 1978-1979 Who Killed 'Agatha' Christie?
0%
Theater 1995-1997 Wild Oats
0%
Theater 1995-1996 Women of Troy
0%
TV Show 1970 W. Somerset Maugham
0%
Short Documentary 2003 WTO: Wrecking Animal Protection
0%
Commercial 2003-2005 Young's Chip Shop
0%
No matching quizzes found
Score Distribution
Percent of People with Each Score
Percentile by Number Answered
Your Score History
You have not taken this quiz